[Event "AUTO-OPEN-32"]
[Site "http://www.queenalice.com/game.php?id=17451"]
[Date "2005.6.25"]
[Round "3"]
[White "leeroy"]
[Black "vaopleod"]
[Result "0-1"]
[WhiteElo "1814"]
[BlackElo "1994"]

1. e4 e6 2. d4 d5 3. e5 c5 4. c3 Nc6 5. Nf3 Qb6 6. Be2 Nge7 7. dxc5 Qxc5 8. Be3
Qa5 9. Nbd2 Ng6 10. Nb3 Qc7 11. Nfd4 Ngxe5 12. Nb5 Qd8 13. f4 Nd7 14. Qd3 Be7
15. N5d4 O-O 16. Nf3 b6 17. h4 Nf6 18. Nbd4 Nxd4 19. Nxd4 Ne4 20. Nf3 a5 21. g4
Ng3 22. Rh3 Ba6 23. Qc2 Nxe2 24. Ng5 g6 25. h5 Nxf4 26. Bxf4 Bxg5 27. Qd2 Bxf4
28. Qxf4 g5 29. Qd4 h6 30. Rf3 e5 31. Qf2 Rb8 32. Rf6 Kg7 33. Rf3 Qd7 34. Qg3
Rbe8 35. Rd1 d4 36. cxd4 exd4+ 37. Kf2 d3 38. Rfxd3 Bxd3 39. Rxd3 Qe6 0-1

[Event "AUTO-OPEN-32"]
[Site "http://www.queenalice.com/game.php?id=17452"]
[Date "2005.6.25"]
[Round "3"]
[White "vaopleod"]
[Black "leeroy"]
[Result "1-0"]
[WhiteElo "1926"]
[BlackElo "1816"]

1. d4 Nf6 2. Nf3 g6 3. c4 Bg7 4. Nc3 d5 5. cxd5 Nxd5 6. e4 Nxc3 7. bxc3 b6 8.
Bd3 Bb7 9. O-O Nd7 10. Re1 e5 11. Qa4 O-O 12. Ba3 Re8 13. Bb5 c6 14. Bxc6 Bxc6
15. Qxc6 Rc8 16. Qa4 Rxc3 17. Bb2 Rc7 18. Rad1 Qb8 19. Qb5 exd4 20. Bxd4 Bxd4
21. Rxd4 Nc5 22. e5 Ne6 23. Rd6 Rc5 24. Qd3 Nf4 25. Qd2 Ne6 26. Rd1 Kg7 27. Qb4
h6 28. Rd7 Rec8 29. Qh4 R5c7 30. Qf6+ 1-0

[Event "AUTO-MASTER-27"]
[Site "http://www.queenalice.com/game.php?id=24198"]
[Date "2005.8.15"]
[Round "1"]
[White "alexsoncini"]
[Black "vaopleod"]
[Result "0-1"]
[WhiteElo "1820"]
[BlackElo "1948"]

1. d4 e6 2. Nf3 d5 3. c4 Nf6 4. Bg5 Be7 5. e3 O-O 6. Nbd2 Nbd7 7. Bd3 dxc4 8.
Bxc4 b6 9. O-O Bb7 10. Rc1 Rc8 11. Qa4 a6 12. Be2 b5 13. Qd1 c5 14. Ne5 Nxe5 15.
dxe5 Ne4 16. Bxe7 Qxe7 17. Nxe4 Bxe4 18. Bf3 Rfd8 19. Qe2 Bd3 20. Qe1 Bxf1 21.
Kxf1 Qc7 22. Rd1 Rxd1 23. Qxd1 Rd8 24. Qc2 Qxe5 25. g3 g6 26. Kg2 c4 27. Kf1 Qd6
28. h4 Qd2 0-1

[Event "AUTO-MASTER-27"]
[Site "http://www.queenalice.com/game.php?id=24199"]
[Date "2005.8.15"]
[Round "1"]
[White "vaopleod"]
[Black "alexsoncini"]
[Result "1-0"]
[WhiteElo "1959"]
[BlackElo "1848"]

1. e4 e6 2. d4 d5 3. Nd2 Bd7 4. Bd3 dxe4 5. Nxe4 Bc6 6. Nf3 Nd7 7. O-O Ngf6 8.
Re1 Nxe4 9. Bxe4 Bxe4 10. Rxe4 Bd6 11. d5 Nf6 12. Re1 e5 13. Nxe5 O-O 14. Bg5
Re8 15. Ng4 Rxe1+ 16. Qxe1 Be7 17. Nxf6+ Bxf6 18. Bxf6 Qxf6 19. b3 g6 20. c4 Kg7
21. Rd1 Qb2 22. Qd2 Qxd2 23. Rxd2 a5 24. f4 a4 25. b4 Kf6 26. Re2 a3 27. Kf2 Ra4
28. Ke3 Rxb4 29. Kd3 h5 30. Kc3 Ra4 31. Re8 Ra7 32. c5 b6 33. c6 Kf5 34. Re7 Ra5
35. Kd4 Ra4+ 36. Ke3 Rxf4 37. Rxf7+ 1-0

[Event "AUTO-MASTER-27"]
[Site "http://www.queenalice.com/game.php?id=24212"]
[Date "2005.8.15"]
[Round "1"]
[White "cruiseyleemorph"]
[Black "vaopleod"]
[Result "1-0"]
[WhiteElo "1940"]
[BlackElo "2049"]

1. e4 e6 2. d4 d5 3. Nc3 Nf6 4. Bg5 Be7 5. e5 Nfd7 6. Bxe7 Qxe7 7. f4 c5 8. Nb5
O-O 9. Nc7 Nb6 10. Nxa8 Nxa8 11. Nf3 Nc6 12. c3 f6 13. Be2 cxd4 14. cxd4 fxe5
15. fxe5 Bd7 16. Rc1 Nb6 17. O-O Qb4 18. Rc2 Na4 19. Qd2 Qxd2 20. Rxd2 a6 21. h4
Ne7 22. Rc1 Nf5 23. Rc7 Bc6 24. Ng5 Nb6 25. Nxe6 Rc8 26. Rxc8+ Nxc8 27. Bd3 Nxh4
28. Rf2 1-0

[Event "AUTO-MASTER-27"]
[Site "http://www.queenalice.com/game.php?id=24213"]
[Date "2005.8.15"]
[Round "1"]
[White "vaopleod"]
[Black "cruiseyleemorph"]
[Result "0-1"]
[WhiteElo "2038"]
[BlackElo "2035"]

1. d4 Nf6 2. c4 e6 3. Nf3 b6 4. g3 Ba6 5. b3 Bb4+ 6. Bd2 Be7 7. Nc3 O-O 8. Bg2
d5 9. Ne5 c6 10. O-O dxc4 11. bxc4 Qxd4 12. Nxc6 Nxc6 13. Bxc6 Rad8 14. Be1 Qxc4
15. Qa4 Rd4 16. Qxc4 Rxc4 17. Bb5 Bxb5 18. Nxb5 a6 19. Nc3 Rfc8 20. Rb1 b5 21.
Rb3 Nd7 22. f4 Nc5 23. Rb1 Na4 24. Nxa4 Rxa4 25. Rb2 Ba3 26. Rd2 Bc1 27. Rd7
Rxa2 28. Rf3 h6 29. Kf1 Ba3 30. Bc3 b4 31. Bd2 Rcc2 32. Rfd3 a5 33. Ke1 a4 34.
e4 b3 35. Rb7 Ra1+ 36. Ke2 Bc1 37. f5 Rxd2+ 0-1

[Event "AUTO-MASTER-27"]
[Site "http://www.queenalice.com/game.php?id=24220"]
[Date "2005.8.15"]
[Round "1"]
[White "mza"]
[Black "vaopleod"]
[Result "0-1"]
[WhiteElo "1580"]
[BlackElo "2003"]

1. e4 e6 2. d4 d5 3. exd5 exd5 4. Be2 Nf6 5. Nf3 Bd6 6. O-O O-O 7. h3 Bf5 8. Bd3
Bg6 9. Nh4 Nbd7 10. Bg5 c6 11. Nf5 Qc7 12. Re1 Rae8 13. Rxe8 Rxe8 14. Nd2 h6 15.
Bh4 Bxf5 16. Bxf5 g5 17. Bg3 Bxg3 18. fxg3 Qxg3 19. Nf1 Qf4 20. Qd3 Nf8 21. g3
Qd6 22. Nh2 Ne6 23. Re1 Qb4 24. Rb1 Qxd4+ 25. Qxd4 Nxd4 26. Bd3 Ne4 27. Re1 f5
28. c3 Ne6 29. Kg2 N6c5 30. Bc2 Kf7 31. Nf3 Ne6 32. Ne5+ Kg7 33. Bd1 N6c5 34.
Nf3 f4 35. gxf4 Nd3 36. Re2 Nxf4+ 37. Kf1 Ng3+ 38. Kf2 Ngxe2 39. Nd4 Nxd4 40.
cxd4 Nxh3+ 41. Kg3 Ng1 42. Kf2 Nh3+ 43. Kg3 Re3+ 44. Bf3 Rxf3+ 45. Kxf3 Kf6 46.
Kg4 Nf4 47. Kf3 Kf5 48. b4 h5 49. Kg3 Ke4 50. Kf2 Kxd4 51. a4 Kc4 52. b5 cxb5
53. axb5 d4 54. Kf3 d3 0-1

[Event "AUTO-MASTER-27"]
[Site "http://www.queenalice.com/game.php?id=24221"]
[Date "2005.8.15"]
[Round "1"]
[White "vaopleod"]
[Black "mza"]
[Result "1-0"]
[WhiteElo "1942"]
[BlackElo "1565"]

1. e4 e5 2. Nf3 Nc6 3. Bb5 Bd6 4. O-O Nf6 5. Nc3 a6 6. Bxc6 dxc6 7. d4 exd4 8.
Nxd4 Ng4 9. h3 Qh4 10. Nf3 Qf6 11. Bg5 Qe6 12. hxg4 Qxg4 13. e5 Bxe5 14. Qd8#
1-0

[Event "AUTO-ADV-24"]
[Site "http://www.queenalice.com/game.php?id=25701"]
[Date "2005.8.24"]
[Round "2"]
[White "vaopleod"]
[Black "salva9001"]
[Result "1-0"]
[WhiteElo "2039"]
[BlackElo "1898"]

1. Nf3 Nf6 2. d4 e6 3. c4 c5 4. d5 exd5 5. cxd5 d6 6. Nc3 g6 7. e4 Bg7 8. Be2
O-O 9. O-O a6 10. a4 Re8 11. Qc2 Bg4 12. Bg5 Nbd7 13. a5 h6 14. Bf4 Qe7 15. h3
Bxf3 16. Bxf3 Ne5 17. Be2 g5 18. Bh2 Ng6 19. Bd3 Ne5 20. Be2 Ng6 21. Bd3 Ne5 22.
Rae1 Nxd3 23. Qxd3 Nd7 24. f4 Rab8 25. fxg5 hxg5 26. Kh1 Ne5 27. Qg3 b5 28. Rf5
f6 29. Qe3 Nc4 30. Qc1 Nxa5 31. Qa1 Nc4 32. Qxa6 Rb6 33. Qa1 Rb7 34. Qa6 Rb6 35.
Qa1 Rb7 36. b3 Ne5 37. Qa6 Reb8 38. Bxe5 dxe5 39. Rd1 Rb6 40. Qa2 Qd6 41. Qe2
Qd7 42. Rff1 Ra8 43. Kg1 Ra3 44. Qb2 Rba6 45. Na4 R3xa4 46. bxa4 Rxa4 47. Rb1
Rxe4 48. Qxb5 Qxd5 49. Qe8+ Kh7 50. Qh5+ Bh6 51. Rxf6 1-0

[Event "AUTO-ADV-24"]
[Site "http://www.queenalice.com/game.php?id=25702"]
[Date "2005.8.24"]
[Round "2"]
[White "salva9001"]
[Black "vaopleod"]
[Result "0-1"]
[WhiteElo "1909"]
[BlackElo "2028"]

1. c4 Nf6 2. Nc3 e6 3. e4 d6 4. d4 b6 5. Nf3 Bb7 6. Bd3 g6 7. O-O Bg7 8. Bg5 Qc8
9. Re1 O-O 10. Qd2 Nc6 11. Bh6 Nb4 12. Bxg7 Kxg7 13. e5 Nd7 14. Be4 Rd8 15. a3
Nc6 16. exd6 cxd6 17. d5 exd5 18. Bxd5 Nf6 19. Rac1 Na5 20. Re7 Bxd5 21. Nxd5
Re8 22. Qd4 Qf5 23. Rce1 Rxe7 24. Rxe7 Rc8 25. h4 Rxc4 26. Qxf6+ Qxf6 27. Nxf6
Kxf6 28. Rxa7 Rc1+ 29. Kh2 Rc2 30. Ng5 Rxb2 31. Rxf7+ Ke5 32. f4+ Kd5 33. Rxh7
Nc4 34. h5 gxh5 35. Rxh5 Ne3 36. Nh3+ Ke4 37. Rg5 d5 38. Re5+ Kd3 39. Rg5 Ke4
40. Re5+ Kd3 41. Rg5 Ke4 42. Re5+ Kd4 43. Rg5 b5 44. Kg1 Ke4 45. Re5+ Kd4 46.
Rg5 Ra2 47. Rg3 Rxa3 48. Ng5 b4 49. Rf3 Ra1+ 0-1

[Event "AUTO-ADV-24"]
[Site "http://www.queenalice.com/game.php?id=25703"]
[Date "2005.8.24"]
[Round "2"]
[White "vaopleod"]
[Black "mandaragit"]
[Result "1-0"]
[WhiteElo "1971"]
[BlackElo "2158"]

1. d4 Nf6 2. c4 g6 3. Nc3 Bg7 4. e4 d6 5. Nf3 O-O 6. Be2 Na6 7. O-O e5 8. Bg5
Qe8 9. Re1 h6 10. Bxf6 Bxf6 11. c5 exd4 12. Nd5 Bd8 13. Bxa6 bxa6 14. Qxd4 c6
15. Nb4 dxc5 16. Qxc5 Be7 17. Qxc6 Bd7 18. Qc3 Rc8 19. Qd2 Bxb4 20. Qxb4 Rb8 21.
Qd4 Be6 22. b3 Qe7 23. Qe3 Kh7 24. Rac1 Rfc8 25. Nd4 Bd7 26. e5 Rxc1 27. Rxc1
Re8 28. Rc7 Qd8 29. Rxa7 1-0

[Event "AUTO-ADV-24"]
[Site "http://www.queenalice.com/game.php?id=25704"]
[Date "2005.8.24"]
[Round "2"]
[White "mandaragit"]
[Black "vaopleod"]
[Result "0-1"]
[WhiteElo "2120"]
[BlackElo "2005"]

1. d4 Nf6 2. c4 e6 3. Nc3 b6 4. e4 Bb4 5. Bd3 Bb7 6. f3 d6 7. Ne2 c5 8. d5 exd5
9. cxd5 O-O 10. a3 Ba5 11. O-O Bxc3 12. Nxc3 h6 13. g4 Nbd7 14. f4 Re8 15. Qf3
a6 16. a4 Qe7 17. Bd2 c4 18. Bc2 Nc5 19. Rae1 b5 20. axb5 axb5 21. g5 hxg5 22.
fxg5 Nfd7 23. Nxb5 Ne5 24. Qg3 Ba6 25. Nc3 Rab8 26. Rb1 Ncd3 27. Bxd3 cxd3 28.
b3 Rb4 29. Ra1 Bc8 30. Ra3 Qc7 31. h4 Bg4 32. Qe3 Qb8 33. Rfa1 Rxb3 34. Rxb3
Qxb3 35. Kg2 Rc8 0-1

[Event "AUTO-OPEN-42"]
[Site "http://www.queenalice.com/game.php?id=29131"]
[Date "2005.9.17"]
[Round "3"]
[White "alib2004"]
[Black "vaopleod"]
[Result "0-1"]
[WhiteElo "1847"]
[BlackElo "2029"]

1. e4 e6 2. Bc4 d5 3. exd5 exd5 4. Bb3 Nf6 5. d4 Bd6 6. Nc3 c6 7. h3 O-O 8. Nge2
Bf5 9. Bg5 Nbd7 10. O-O Qc7 11. Bh4 Rfe8 12. Bg3 Ne4 13. Bxd6 Qxd6 14. Nxe4 Bxe4
15. Ng3 Bg6 16. c4 dxc4 17. Bxc4 Rad8 18. Ne2 Nb6 19. Bb3 Nd5 20. Nc3 Nf4 21.
Qf3 Qxd4 22. Rad1 Qf6 23. Rxd8 Rxd8 24. Rd1 Re8 25. Kh2 b5 26. g3 Nh5 27. Qxf6
Nxf6 28. a3 a5 29. a4 b4 30. Nb1 h6 31. Nd2 Re2 32. Kg2 Ne4 33. Nxe4 Bxe4+ 34.
Kf1 Rxb2 35. Bc4 Bf3 36. Re1 Kf8 37. h4 Rc2 38. Bb3 Rc3 39. Re3 Rxe3 40. fxe3
Ke7 41. Kf2 Bd5 0-1

[Event "AUTO-OPEN-42"]
[Site "http://www.queenalice.com/game.php?id=29132"]
[Date "2005.9.17"]
[Round "3"]
[White "vaopleod"]
[Black "alib2004"]
[Result "1-0"]
[WhiteElo "2026"]
[BlackElo "1556"]

1. e4 c5 2. Nf3 Nc6 3. d4 cxd4 4. Nxd4 e5 5. Nb5 d6 6. N1c3 a6 7. Na3 b5 8. Nd5
Nf6 9. Bd3 h6 10. c4 bxc4 11. Nxc4 Nxd5 12. exd5 Nd4 13. Be3 Nb5 14. O-O Be7 15.
Rc1 Bb7 16. a3 Bxd5 17. Nb6 Rb8 18. Nxd5 O-O 19. Qg4 Nc7 20. Rxc7 1-0

[Event "Challenge"]
[Site "http://www.queenalice.com/game.php?id=39208"]
[Date "2005.11.23"]
[Round "-"]
[White "jsm"]
[Black "vaopleod"]
[Result "1/2-1/2"]
[WhiteElo "1844"]
[BlackElo "2022"]

1. e4 e6 2. Nf3 d5 3. exd5 exd5 4. d4 Nf6 5. Bd3 Qe7+ 6. Ne5 Nc6 7. O-O Nxe5 8.
dxe5 Qxe5 9. Re1 Ne4 10. Nc3 f5 11. Qf3 Bd6 12. g3 O-O 13. Bf4 Qd4 14. Bxd6 cxd6
15. Rad1 Nxc3 16. bxc3 Qc5 17. Re7 Qc6 18. Bf1 Rf7 19. Rde1 Rxe7 20. Rxe7 Kf8
21. Qe3 f4 22. gxf4 Bd7 23. Bd3 Qc8 24. f5 Bxf5 25. Bxf5 Qxf5 26. Rxb7 Re8 27.
Qg3 Re1+ 28. Kg2 Qe4+ 29. Kh3 Qf5+ 30. Kg2 Qe4+ 31. Kh3 Qe6+ 32. Kg2 Qe4+
1/2-1/2

[Event "PALACE DAYS"]
[Site "http://www.queenalice.com/game.php?id=50986"]
[Date "2006.2.4"]
[Round "-"]
[White "ifrozeup"]
[Black "vaopleod"]
[Result "0-1"]
[WhiteElo "1561"]
[BlackElo "2033"]

1. b3 Nf6 2. Bb2 e6 3. d4 b6 4. Nd2 Bb7 5. c4 Be7 6. e4 Nxe4 7. d5 exd5 8. Bxg7
Rg8 9. Nxe4 dxe4 10. Bc3 Bf6 11. Qd2 Na6 12. Ne2 Nc5 13. O-O-O Bg5 14. Nf4 Ne6
15. g3 e3 16. fxe3 Bxh1 17. Bd3 Bf3 18. Rf1 Bb7 19. h4 Bxf4 20. exf4 Qe7 21.
Bxh7 Rxg3 22. h5 Rg2 23. Rf2 Qa3+ 24. Bb2 Rg1+ 25. Kc2 Qxa2 26. Qc3 Qb1+ 27. Kd2
Qd1+ 0-1

[Event "Challenge"]
[Site "http://www.queenalice.com/game.php?id=56103"]
[Date "2006.3.6"]
[Round "-"]
[White "Malcomx"]
[Black "vaopleod"]
[Result "0-1"]
[WhiteElo "1682"]
[BlackElo "2035"]

1. c4 Nf6 2. Nc3 e6 3. d4 b6 4. e4 d6 5. f4 Bb7 6. Bd3 Nc6 7. Nf3 Be7 8. O-O O-O
9. e5 dxe5 10. fxe5 Ne8 11. Be4 f5 12. Bc2 Nb4 13. Bb3 Be4 14. Nxe4 fxe4 15. Nd2
Qxd4+ 16. Kh1 Rxf1+ 17. Qxf1 Nd3 18. h3 Qxe5 19. Nf3 exf3 20. Qxf3 Qe1+ 21. Kh2
Bc5 0-1